000 01321cad a22002535a 4500
001 E149984
008 100521s2010 xxk f 000 0 eng d
020 _a9781842195352
035 _a(Sirsi) u149984
041 0 _aeng
100 1 _aSilva, Elisabete A.
245 0 0 _aUrban revitalization in traditional neighbourhoods in Chinese cities
_h[electronic resource]
260 _aLondon
_bRICS
_c2010
490 0 _aRICS Research
520 _aLooks at the effect which urban regeneration is having on: traditional neighbourhoods which have not been redeveloped; peripheral communities which were developed in order to house displaced residents from urban redevelopment in the city centre; and city-centre residential communities developed as part of a regeneration project to replace existing poor-quality traditional housing. Finda that property-led urban regeneration has intensified processes of gentrification, which has led to a decrease in the sense of neighbourhood attachment and safety.
521 _aAdvanced
590 _aKA
651 4 _aChina
690 _aPROPERTY-PROPERTY MANAGEMENT-REGENERATION
700 1 _aSong, Nan
700 1 _aWu, Ning
856 4 0 _uhttps://www.rics.org/Global/Downloads/Urban_revitalisation_in_China.pdf
_zView the research free of charge at www.rics.org
942 _n0
999 _c110689
_d110689